| 000 | 00722nam a22002897a 4500 | ||
|---|---|---|---|
| 003 | OSt | ||
| 005 | 20140310182804.0 | ||
| 008 | 130214t xxu||||| |||| 00| 0 eng d | ||
| 020 | _a9812593454 | ||
| 050 |
_aRM 301 _b.G985 2005 |
||
| 100 | _aGutierrez, Kathleen | ||
| 245 |
_aPharmacology for nursing practice / _cKathleen Gutierrez and Sherry F. Queener. |
||
| 260 |
_aSt. Louis, Mo. : _bMosby, _c2005. |
||
| 300 |
_axxiii, 1222 p. : _b ill. (some col.) ; _c28 cm. |
||
| 521 | _aNUR | ||
| 562 | _e9 | ||
| 942 |
_2lcc _cBK _kFOR |
||
| 999 |
_c16047 _d16047 |
||